| 000 | 00564pam a2200169 a 4500 | ||
|---|---|---|---|
| 020 | _a0444422838 : | ||
| 082 | 0 | 0 |
_a621.15 _bSTE _cL-23, P-56 |
| 100 | 1 |
_aStephenson, David, _944273 |
|
| 245 | 1 | 0 |
_aPipeflow analysis / _cDavid Stephenson. |
| 260 |
_aAmsterdam ; _aNew York : _bElsevier, _c1984. |
||
| 300 |
_aix, 204 p. : _bill. ; _c25 cm. |
||
| 526 |
_a0 _b0 _c0 _d621_150000000000000_STE |
||
| 650 | 0 |
_aMCE _9379 |
|
| 650 | 0 |
_aWater-pipes _xHydrodynamics _xData processing. _944274 |
|
| 650 | 0 |
_aWater-pipes _xHydrodynamics _xMathematical models. _944275 |
|
| 942 |
_2ddc _cBK |
||
| 999 |
_c548112 _d548112 |
||